Entorno y paisaje de una ciudad histórica (Record no. 16845)

MARC details
000 -LEADER
campo de control de longitud fija 01039nam a2200277 i 4500
001 - NÚMERO DE CONTROL
campo de control 16845
003 - IDENTIFICADOR DE NÚMERO DE CONTROL
campo de control ES-MaACL
005 - FECHA Y HORA DE LA ÚLTIMA TRANSACCIÓN
campo de control 20250928105424.0
007 - CAMPO FIJO DE DESCRIPCIÓN FÍSICA--INFORMACIÓN GENERAL
campo de control de longitud fija t|
008 - DATOS DE LONGITUD FIJA--INFORMACIÓN GENERAL
campo de control de longitud fija 001113s1990 sp ||||0| spa d
016 7# - NÚMERO DE CONTROL DE UNA AGENCIA BIBLIOGRÁFICA NACIONAL
Número de control cancelado/no válido CHM920003472
020 ## - NÚMERO INTERNACIONAL ESTÁNDAR DEL LIBRO
Número Internacional Estándar del Libro 84-7433-664-3
040 ## - FUENTE DE CATALOGACIÓN
Centro catalogador/agencia de origen M-BN
Lengua de catalogación spa
Centro/agencia transcriptor CHM
080 ## - NÚMERO DE LA CLASIFICACIÓN DECIMAL UNIVERSAL
Número de la Clasificación Decimal Universal 914.601.88 S
080 ## - NÚMERO DE LA CLASIFICACIÓN DECIMAL UNIVERSAL
Número de la Clasificación Decimal Universal 712(460.188)
100 1# - ENTRADA PRINCIPAL--NOMBRE DE PERSONA
Nombre de persona Yoldi Enríquez, Leopoldo.
9 (RLIN) 117657
245 10 - MENCIÓN DEL TÍTULO
Título Entorno y paisaje de una ciudad histórica
Resto del título : Segovia : caminos para una conservación /
Mención de responsabilidad, etc. Leopoldo Yoldi Enríquez ; dibujos, Mariano Carabias ; fotografías, Antonio M.Meco.
260 ## - PUBLICACIÓN, DISTRIBUCIÓN, ETC.
Lugar de publicación, distribución, etc. [Madrid] :
Nombre del editor, distribuidor, etc. Secretaría General Técnica, Ministerio de Obras Públicas y Urbanismo,
Fecha de publicación, distribución, etc. D.L. 1990.
300 ## - DESCRIPCIÓN FÍSICA
Extensión 288 p :
Otras características físicas il ;
Dimensiones 26x22 cm.
651 #4 - PUNTO DE ACCESO ADICIONAL DE MATERIA--NOMBRE GEOGRÁFICO
Nombre geográfico Segovia-
Subdivisión general Descripción.
9 (RLIN) 9372
700 0# - ENTRADA AGREGADA--NOMBRE PERSONAL
Nombre de persona Carabias, Mariano,
Fechas asociadas al nombre 1963-
9 (RLIN) 34927
700 1# - ENTRADA AGREGADA--NOMBRE PERSONAL
Nombre de persona Meco, Antonio M.
9 (RLIN) 79657
710 1# - ENTRADA AGREGADA--NOMBRE DE ENTIDAD CORPORATIVA
Nombre de entidad corporativa o nombre de jurisdicción como elemento de entrada España.
Unidad subordinada Ministerio de Obras Públicas y Urbanismo
9 (RLIN) 3917
852 ## - LOCALIZACIÓN
Ubicación ES-MaACL
Número de control de estantería G-4100
Sublocalización o colección R.118690
Holdings
Estatus retirado Estado de pérdida Estado de daño No para préstamo Biblioteca de origen Biblioteca actual Ubicación en estantería Fecha de adquisición Fuente de adquisición Total de préstamos Signatura topográfica completa Código de barras Visto por última vez Precio de reemplazo Tipo de ítem Koha
        Biblioteca del Ateneo de Madrid Biblioteca del Ateneo de Madrid Depósito 2 17/01/2008     G-4100 1017109 23/02/2023 23/02/2023 Libro impreso